00333 a2200109 4500001001000000005001700010008004100027245004200068100002500110773007100135999001700206ART_4679020260410162000.0260409a 10aLas enseñanzas que dejan las crisis1 aRemes Lenicov, Jorge0 tArchivos del presenteg- Año 16, Nº 57/58 (ene. 2012)wREV28180 c31176d31176